| 000 | 00497cam a22002171 4500 | ||
|---|---|---|---|
| 001 | sa 67007473 | ||
| 003 | DLC | ||
| 005 | 20260227112416.0 | ||
| 008 | 940907s1965 ii 000 0 orio | ||
| 010 | _asa 67007473 | ||
| 025 | _aPL480:I-O-741 | ||
| 035 | _a(OCoLC)31063574 | ||
| 040 |
_aDLC _cCU _dCU _dDLC |
||
| 042 | _apremarc | ||
| 050 | 0 | 0 |
_aPK2576 _b.M26 |
| 245 | 0 | 0 | _aMahādīkshā. |
| 260 | _c1965. | ||
| 300 |
_a2, 48 p. _c20 cm. |
||
| 500 | _aIn Oriya. | ||
| 650 | 0 | _aOriya poetry. | |
| 999 |
_c76620 _d76620 |
||